| 000 | 00493 a2200157 4500 | ||
|---|---|---|---|
| 999 |
_c30086 _d30086 |
||
| 003 | NUST | ||
| 005 | 20180118121040.0 | ||
| 008 | 180118b xxu||||| |||| 00| 0 eng d | ||
| 020 | _a81-309-0091-2 | ||
| 028 | _aViva Book Private Limited | ||
| 082 | _a516 | ||
| 100 |
_aTabak, John _98680 |
||
| 245 |
_aGeometry the Language of Space and Form _bThe History of Mathematics _cJohn Tabak _nVolume II _pSNSViva-Facts on File Maths Factory |
||
| 260 |
_aNew Delhi _bViva Books Private Limited _c2006 |
||
| 300 | _axvii, 222 | ||
| 700 |
_aTabak, John _98680 |
||
| 942 |
_aSNS _cBK _k516 TAB _2ddc |
||